<?xml version="1.0" encoding="UTF-8"?>
<marc:record xmlns:marc="http://www.loc.gov/MARC21/slim">
   <marc:leader>00000nam a2200000 a 4500</marc:leader>
   <marc:datafield ind1="1" ind2=" " tag="100">
      <marc:subfield code="a">Baily, Virginia</marc:subfield>
      <marc:subfield code="4">aut</marc:subfield>
      <marc:subfield code="e">Verfasser/-in</marc:subfield>
   </marc:datafield>
   <marc:datafield ind1="0" ind2="0" tag="245">
      <marc:subfield code="a">Im ersten Licht des Morgens</marc:subfield>
   </marc:datafield>
   <marc:datafield ind1="0" ind2="0" tag="245">
      <marc:subfield code="b">Roman</marc:subfield>
   </marc:datafield>
   <marc:datafield ind1="0" ind2="0" tag="245">
      <marc:subfield code="c">Baily, Virginia</marc:subfield>
   </marc:datafield>
   <marc:datafield ind1=" " ind2="1" tag="264">
      <marc:subfield code="a">München</marc:subfield>
      <marc:subfield code="b">Diana Verlag</marc:subfield>
      <marc:subfield code="c">2017</marc:subfield>
   </marc:datafield>
   <marc:datafield ind1=" " ind2=" " tag="250">
      <marc:subfield code="a">Deutsche Erstausgabe</marc:subfield>
   </marc:datafield>
   <marc:datafield ind1="1" ind2=" " tag="520">
      <marc:subfield code="a">Angaben aus der Verlagsmeldung

Im ersten Licht des Morgens : Roman Early One Morning / von Virginia Baily

Kraftvoll und berührend erzählt Virginia Baily von Liebe und Rettung, Schuld und Verantwortung vor der atmosphärischen Kulisse Roms

Chiara Ravello arbeitet als Übersetzerin in Rom und führt nach außen ein erfülltes Leben. Nur wenig erinnert an Daniele, den sie aufzog und liebte wie einen eigenen Sohn. Kaum jemand weiß von dem Schmerz, den sein Verlust für sie bedeutet. Erst als eine junge Frau aus Wales in Rom auftaucht und behauptet, Danieles Tochter zu sein, beginnt Chiaras Fassade zu bröckeln. Marias Ankunft führt Chiara weit zurück in ihre Vergangenheit, ins Kriegsjahr 1943, und weckt in ihr eine lang vergrabene Sehnsucht nach Versöhnung.
</marc:subfield>
   </marc:datafield>
   <marc:datafield ind1=" " ind2=" " tag="020">
      <marc:subfield code="a">9783453359130</marc:subfield>
      <marc:subfield code="9">9783453359130</marc:subfield>
   </marc:datafield>
   <marc:datafield ind1=" " ind2=" " tag="020">
      <marc:subfield code="a">3453359135</marc:subfield>
      <marc:subfield code="9">3453359135</marc:subfield>
   </marc:datafield>
   <marc:datafield ind1=" " ind2=" " tag="041">
      <marc:subfield code="a">ger</marc:subfield>
   </marc:datafield>
   <marc:datafield ind1=" " ind2=" " tag="300">
      <marc:subfield code="a">432 Seiten</marc:subfield>
   </marc:datafield>
</marc:record>
